| 000 | 00493nam a2200193Ia 4500 | ||
|---|---|---|---|
| 008 | 170918s9999 xx 000 0 und d | ||
| 020 | _a590637541 | ||
| 050 | _bG198 1950 | ||
| 100 | _aGannett, Ruth Stiles | ||
| 245 | _aElmer and the dragon / | ||
| 245 | _cRuth Stiles Gannett ; illustrated by Chrisman Gannett. | ||
| 260 | _aNew York : | ||
| 260 | _bScholastic, | ||
| 260 | _c1950 | ||
| 300 | _a77 pages : | ||
| 300 | _bcolored illustration ; | ||
| 300 | _c19cm. | ||
| 500 | _a800 | ||
| 999 |
_c342091 _d342091 |
||